[Event "13. Torneo San Viator"]
[Site "Madrid ESP"]
[Date "2009.10.25"]
[Round "5.16"]
[White "Aburto Renovales, Rafael"]
[Black "Cepas Castillo, Juan Carlos"]
[Result "1/2-1/2"]
[WhiteElo "1541"]
[BlackElo "1602"]
[PlyCount "150"]
[EventDate "2009.09.27"]
[EventType "swiss"]
[EventRounds "9"]
[EventCountry "ESP"]
[Source "lmi"]
[SourceDate "2009.09.27"]

1. e4 c6 2. d3 d5 3. Nc3 dxe4 4. Nxe4 Bf5 5. Ng3 Bg6 6. Nf3 Nd7 7. Be2 Ngf6 8.
Nd4 e6 9. f4 Qa5+ 10. Bd2 Qd5 11. Nf3 Bc5 12. Bc3 O-O 13. Qd2 Rad8 14. d4 Bb6
15. b3 Ne4 16. Nxe4 Qxe4 17. O-O-O c5 18. Nh4 Qc6 19. Nxg6 hxg6 20. Bf3 Qc7 21.
d5 exd5 22. Bxd5 Nf6 23. Be5 Qc8 24. Bxf6 gxf6 25. c4 Qf5 26. h3 Bc7 27. Rhf1
Qh5 28. Rf3 b6 29. g4 Qh8 30. Qd3 f5 31. gxf5 Qa1+ 32. Qb1 Qxb1+ 33. Kxb1 gxf5
34. Rg1+ Kh7 35. Rg5 Rd7 36. Rfg3 Bxf4 37. Rg7+ Kh8 38. Rg1 Bh6 39. R7g2 Kh7
40. Kc2 Rd6 41. Re1 Rd7 42. Re5 f4 43. Kd3 Rg8 44. Rg4 Rxg4 45. hxg4 Kg6 46.
Rf5 Bg5 47. Ke4 Re7+ 48. Kf3 f6 49. Be4 Kg7 50. Rd5 Kf7 51. Rf5 Rd7 52. Bd5+
Ke7 53. a3 Rd8 54. b4 cxb4 55. axb4 a5 56. c5 bxc5 57. bxa5 Rd6 58. Bc4 Kd7 59.
Rxc5 Rc6 60. Rxc6 Kxc6 61. a6 Kb6 62. Ke4 Bh6 63. Kd5 Bg5 64. Ke4 Ka7 65. Kf5
Kb6 66. Ke4 Ka7 67. Kd5 Bh4 68. Kc6 Bg5 69. Kb5 Bh4 70. Be2 Bg5 71. Bd3 Bh4 72.
Be2 Bg5 73. Kc4 Bh4 74. Kd5 Bg5 75. Ke4 Kb6 1/2-1/2

[Event "13. Torneo San Viator"]
[Site "Madrid ESP"]
[Date "2009.11.01"]
[Round "6.1"]
[White "Rosa Ramirez, Victor Diego"]
[Black "Salcedo Tornero, Pablo"]
[Result "0-1"]
[WhiteElo "1909"]
[BlackElo "2181"]
[PlyCount "46"]
[EventDate "2009.09.27"]
[EventType "swiss"]
[EventRounds "9"]
[EventCountry "ESP"]
[Source "lmi"]
[SourceDate "2009.09.27"]

1. e4 d6 2. d4 Nf6 3. Nc3 g6 4. Be3 Bg7 5. Qd2 Ng4 6. Bg5 h6 7. Bh4 Nc6 8. d5
Nb8 9. f4 c6 10. h3 Nf6 11. Bd3 Qa5 12. Nf3 cxd5 13. exd5 Nbd7 14. Be2 Nb6 15.
Bxf6 Bxf6 16. O-O-O Bd7 17. Kb1 Bxc3 18. Qxc3 Qxc3 19. bxc3 Rc8 20. g4 Na4 21.
Rd2 Nxc3+ 22. Kb2 Rc5 23. Nd4 Ne4 0-1

[Event "13. Torneo San Viator"]
[Site "Madrid ESP"]
[Date "2009.11.01"]
[Round "6.2"]
[White "Noval Toldos, Francisco Javier"]
[Black "Martin Mazuelo, Miguel Angel"]
[Result "1-0"]
[WhiteElo "1923"]
[BlackElo "1955"]
[PlyCount "109"]
[EventDate "2009.09.27"]
[EventType "swiss"]
[EventRounds "9"]
[EventCountry "ESP"]
[Source "lmi"]
[SourceDate "2009.09.27"]

1. e4 d6 2. d4 g6 3. Nc3 c6 4. Nf3 Bg7 5. Bc4 Nf6 6. O-O b5 7. Bd3 O-O 8. Bg5
Nbd7 9. e5 Ne8 10. Qe2 dxe5 11. dxe5 Nc5 12. Be4 Nxe4 13. Qxe4 Bf5 14. Qxc6 f6
15. exf6 exf6 16. Be3 a6 17. Nd4 Bd7 18. Qd5+ Kh8 19. Rfd1 Qc8 20. Ne4 f5 21.
Nc5 Nf6 22. Qd6 Rd8 23. Nf3 Bc6 24. Qxd8+ Qxd8 25. Rxd8+ Rxd8 26. Nd4 Be8 27.
Nde6 Rd6 28. Nc7 a5 29. c3 Bc6 30. Bf4 Rd8 31. Nb3 b4 32. Nxa5 bxc3 33. Nxc6
cxb2 34. Rb1 Rc8 35. Rxb2 Nh5 36. Rb4 Nxf4 37. Rxf4 Rxc7 38. Rc4 Rb7 39. g3 Bf6
40. a4 Rb6 41. a5 Ra6 42. Rc5 Kg8 43. Nb4 Ra8 44. Rb5 Bd4 45. a6 Bc3 46. Nd5
Rxa6 47. Nxc3 f4 48. gxf4 Kg7 49. Kg2 Kh6 50. f3 Ra3 51. Ne4 Ra7 52. Ng5 Rd7
53. Rb8 Kh5 54. Rh8 h6 55. Ne4 1-0

[Event "13. Torneo San Viator"]
[Site "Madrid ESP"]
[Date "2009.11.01"]
[Round "6.3"]
[White "Cabañas Bravo, Juan Andres"]
[Black "Barahona Torrijos, Angel"]
[Result "1-0"]
[WhiteElo "2099"]
[BlackElo "1944"]
[PlyCount "65"]
[EventDate "2009.09.27"]
[EventType "swiss"]
[EventRounds "9"]
[EventCountry "ESP"]
[Source "lmi"]
[SourceDate "2009.09.27"]

1. e4 e5 2. f4 Nf6 3. Nf3 d5 4. fxe5 Nxe4 5. d3 Nc5 6. d4 Ne4 7. Bd3 c5 8. O-O
Bg4 9. Qe1 Nc6 10. c4 Bxf3 11. gxf3 Ng5 12. Qg3 dxc4 13. Nc3 Qxd4+ 14. Kh1 Ne6
15. Be4 O-O-O 16. Bxc6 bxc6 17. Rd1 Qxd1+ 18. Nxd1 Rxd1+ 19. Kg2 g5 20. Qg4 Rg8
21. Qxc4 Rg6 22. a4 Nf4+ 23. Kf2 Rh1 24. Qxf7 Rxh2+ 25. Kg1 Rg2+ 26. Kf1 Bg7
27. Ra3 Bxe5 28. Qe8+ Kb7 29. Qxe5 Rh2 30. Rb3+ Ka6 31. Bxf4 gxf4 32. Qxf4 Rhg2
33. Qc4+ 1-0

[Event "13. Torneo San Viator"]
[Site "Madrid ESP"]
[Date "2009.11.01"]
[Round "6.5"]
[White "Casado Perez, Miguel"]
[Black "Fernandez del Rio, Sergio"]
[Result "1/2-1/2"]
[WhiteElo "1892"]
[BlackElo "1954"]
[PlyCount "113"]
[EventDate "2009.09.27"]
[EventType "swiss"]
[EventRounds "9"]
[EventCountry "ESP"]
[Source "lmi"]
[SourceDate "2009.09.27"]

1. d4 Nf6 2. c4 e6 3. Nf3 c5 4. d5 exd5 5. cxd5 d6 6. Nc3 g6 7. e4 Bg7 8. Be2
O-O 9. O-O Re8 10. Qc2 Bg4 11. Bg5 h6 12. Bh4 Na6 13. a3 Nc7 14. Rad1 b5 15. h3
Bxf3 16. Bxf3 b4 17. Nb1 Nb5 18. Nd2 Nd4 19. Qd3 bxa3 20. bxa3 Qa5 21. Nc4 Qa6
22. Bg3 Bf8 23. e5 Nxf3+ 24. Qxf3 Qxc4 25. Qxf6 Bg7 26. Qxd6 Rad8 27. Qc6 Bxe5
28. Bxe5 Rxe5 29. d6 Qe6 30. Qc7 Rd7 31. Qc6 c4 32. Rc1 Rxd6 33. Qxc4 Qxc4 34.
Rxc4 Ra6 35. a4 Re2 36. Rd1 Rf6 37. Rf1 Ra2 38. f4 Ra6 39. f5 g5 40. Rc8+ Kg7
41. f6+ Kh7 42. Rf8 R2xa4 43. Rxf7+ Kg8 44. Rc7 Rf4 45. f7+ Kf8 46. Rxf4 gxf4
47. Kf2 Ra3 48. h4 a5 49. Ra7 a4 50. Ra6 Kxf7 51. Rxh6 Rb3 52. Ra6 a3 53. h5
Kg7 54. Kg1 Rc3 55. Kf1 Rb3 56. Kg1 Rc3 57. Kf1 1/2-1/2

[Event "13. Torneo San Viator"]
[Site "Madrid ESP"]
[Date "2009.11.01"]
[Round "6.7"]
[White "Madurga Lopez, Ignacio"]
[Black "Garcia-Ines Sanchez, Gustavo"]
[Result "1-0"]
[WhiteElo "1821"]
[BlackElo "1746"]
[PlyCount "77"]
[EventDate "2009.09.27"]
[EventType "swiss"]
[EventRounds "9"]
[EventCountry "ESP"]
[Source "lmi"]
[SourceDate "2009.09.27"]

1. e4 c5 2. Nf3 d6 3. d4 cxd4 4. Qxd4 a6 5. c4 e5 6. Qd2 Be7 7. Nc3 Nf6 8. Be2
Nc6 9. O-O O-O 10. h3 Bd7 11. Qe3 Nb4 12. Rb1 Rc8 13. a3 Nc6 14. b4 Nh5 15. Nd5
f5 16. exf5 Bxf5 17. Rb3 Nf4 18. Bb2 Bg5 19. Nxg5 Qxg5 20. Nxf4 exf4 21. Qd2
Qe7 22. Bf3 Ne5 23. c5 dxc5 24. Qd5+ Be6 25. Qxe5 Rf5 26. Qe4 Qf7 27. Rc3 c4
28. Qxb7 Qe8 29. Rxc4 Rg5 30. Rxc8 Bxc8 31. Qc6 Bd7 32. Qa8 Qxa8 33. Bxa8 Bxh3
34. Kh2 Bd7 35. Rd1 Bb5 36. Bf3 h5 37. Rd5 Rxd5 38. Bxd5+ Kf8 39. Be5 1-0

[Event "13. Torneo San Viator"]
[Site "Madrid ESP"]
[Date "2009.11.01"]
[Round "6.8"]
[White "Cuadros Fernandez, Jose Luis"]
[Black "Molina Garcia, Francisco Javier"]
[Result "1/2-1/2"]
[WhiteElo "1668"]
[BlackElo "1866"]
[PlyCount "82"]
[EventDate "2009.09.27"]
[EventType "swiss"]
[EventRounds "9"]
[EventCountry "ESP"]
[Source "lmi"]
[SourceDate "2009.09.27"]

1. e4 d6 2. d4 Nf6 3. Nc3 g6 4. Bg5 Bg7 5. f4 O-O 6. Bd3 c5 7. Nf3 cxd4 8. Nxd4
Qb6 9. Ndb5 a6 10. Bxf6 Bxf6 11. Nd5 Qc5 12. Nxf6+ exf6 13. Nc3 Qe3+ 14. Ne2
Nc6 15. Qd2 Qc5 16. Qc3 Nb4 17. a3 Nxd3+ 18. cxd3 f5 19. b4 Qxc3+ 20. Nxc3 Be6
21. Kf2 Rac8 22. Rhc1 Rc6 23. Ne2 Rfc8 24. Rxc6 Rxc6 25. Rc1 Rxc1 26. Nxc1 fxe4
27. dxe4 Kf8 28. Ne2 d5 29. Nd4 dxe4 30. Nxe6+ fxe6 31. Ke3 Ke7 32. Kxe4 Kd6
33. g4 h6 34. h4 Kd7 35. Ke5 Ke7 36. a4 b6 37. h5 gxh5 38. gxh5 Kd7 39. f5 exf5
40. Kxf5 Kd6 41. Kg6 Ke6 1/2-1/2

[Event "13. Torneo San Viator"]
[Site "Madrid ESP"]
[Date "2009.11.01"]
[Round "6.9"]
[White "Galan Lorenzo, Jacinto"]
[Black "Maseda Iglesias, Luis"]
[Result "0-1"]
[WhiteElo "1755"]
[BlackElo "1845"]
[PlyCount "57"]
[EventDate "2009.09.27"]
[EventType "swiss"]
[EventRounds "9"]
[EventCountry "ESP"]
[Source "lmi"]
[SourceDate "2009.09.27"]

1. c4 e6 2. e4 d5 3. cxd5 exd5 4. exd5 Nf6 5. Nc3 Nxd5 6. Bc4 Nb6 7. Bb3 Be7 8.
Nge2 O-O 9. O-O N8d7 10. d4 Nf6 11. Bf4 c6 12. Ng3 Bd6 13. Bxd6 Qxd6 14. Nce4
Nxe4 15. Nxe4 Qd8 16. Qd2 Nd5 17. Rfe1 h6 18. Rad1 Re8 19. Bxd5 cxd5 20. Nf6+
gxf6 21. Qxh6 Re4 22. Re3 Rxe3 23. fxe3 Bf5 24. Rf1 Bg6 25. h4 Qf8 26. Qf4 Be4
27. h5 Qg7 28. Rf2 Qg5 29. Qh2 0-1

[Event "13. Torneo San Viator"]
[Site "Madrid ESP"]
[Date "2009.11.01"]
[Round "6.12"]
[White "Franco Rincon, David"]
[Black "Sarabia Utrilla, Joaquin"]
[Result "1/2-1/2"]
[WhiteElo "1804"]
[BlackElo "1786"]
[PlyCount "132"]
[EventDate "2009.09.27"]
[EventType "swiss"]
[EventRounds "9"]
[EventCountry "ESP"]
[Source "lmi"]
[SourceDate "2009.09.27"]

1. e4 e5 2. Nf3 Nf6 3. Nxe5 d6 4. Nf3 Nxe4 5. Nc3 Nxc3 6. dxc3 Nc6 7. Bc4 Be6
8. Qe2 Qe7 9. O-O O-O-O 10. Bb5 Bd7 11. Be3 Kb8 12. Rfe1 Qe8 13. Qc4 Ne5 14.
Bxd7 Nxf3+ 15. gxf3 Qxd7 16. a4 d5 17. Qg4 f5 18. Qd4 c5 19. Qd3 Bd6 20. f4 Qc7
21. Qxd5 Bxf4 22. Bxf4 Qxf4 23. Qe5+ Qxe5 24. Rxe5 Rd2 25. Rc1 b6 26. Rxf5 Re8
27. b4 Ree2 28. bxc5 Rxc2 29. Rxc2 Rxc2 30. cxb6 axb6 31. Rb5 Kc7 32. a5 Rxc3
33. axb6+ Kb7 34. Kg2 Rc6 35. Kf3 Rxb6 36. Re5 Rf6+ 37. Kg3 Kc6 38. h4 Kd6 39.
f4 Re6 40. Rf5 Re3+ 41. Kg4 Ke6 42. Rb5 Kf6 43. Rb6+ Re6 44. Rb5 Rc6 45. Rf5+
Ke6 46. Re5+ Kf7 47. h5 Rc1 48. Rf5+ Ke6 49. Re5+ Kd6 50. Kf3 Rf1+ 51. Kg3 Rg1+
52. Kh2 Rg4 53. Rf5 Ke6 54. Re5+ Kf6 55. Rb5 Rxf4 56. Kh3 Rf5 57. Rb6+ Kg5 58.
Rb7 Kh6 59. Kg4 Rxh5 60. Rxg7 Rh1 61. Rb7 Kg6 62. Rb6+ Kf7 63. Kf5 Rf1+ 64. Kg5
Rg1+ 65. Kh6 Rh1+ 66. Kg5 Rg1+ 1/2-1/2

[Event "13. Torneo San Viator"]
[Site "Madrid ESP"]
[Date "2009.11.01"]
[Round "6.13"]
[White "Vidal Herrero-Vior, Pablo"]
[Black "Nunez Alonso, Juan"]
[Result "0-1"]
[WhiteElo "1542"]
[BlackElo "1555"]
[PlyCount "160"]
[EventDate "2009.09.27"]
[EventType "swiss"]
[EventRounds "9"]
[EventCountry "ESP"]
[Source "lmi"]
[SourceDate "2009.09.27"]

1. d4 Nf6 2. c4 g6 3. Nc3 Bg7 4. Nf3 d6 5. e4 O-O 6. Be2 e5 7. O-O a5 8. Bg5
Qe8 9. Bxf6 Bxf6 10. Nd5 Bd8 11. Qd2 c6 12. Nc3 Bf6 13. d5 c5 14. Nb5 Qd8 15.
h3 Na6 16. a3 Nc7 17. Nc3 Bg7 18. Nh2 f5 19. f4 Bh6 20. exf5 Rxf5 21. Qd3 Rxf4
22. Rxf4 Bxf4 23. g3 Bf5 24. Qf3 Qg5 25. Ng4 Bxg3 26. Qxg3 h5 27. Rf1 hxg4 28.
Bxg4 Bxg4 29. hxg4 Rf8 30. Rxf8+ Kxf8 31. Qf3+ Ke7 32. Kf2 Qf6 33. Ne4 Qxf3+
34. Kxf3 Ne8 35. Kg3 Nf6 36. Ng5 b5 37. b3 bxc4 38. bxc4 Nd7 39. Ne4 Nb6 40.
Nd2 Na4 41. Nb3 Nc3 42. Nxa5 Nb1 43. Nc6+ Kd7 44. a4 Na3 45. Kf3 Nxc4 46. a5
Nd2+ 47. Ke3 Nc4+ 48. Kd3 Nb2+ 49. Ke4 c4 50. a6 Kc7 51. g5 c3 52. Nb4 Kb6 53.
Na2 c2 54. Ke3 Kxa6 55. Kd2 Nc4+ 56. Kd3 Kb5 57. Kxc2 Ne3+ 58. Kd3 Nxd5 59. Ke4
Ne7 60. Nc3+ Kc4 61. Ne2 Nc6 62. Ng1 d5+ 63. Ke3 Ne7 64. Nf3 e4 65. Nd2+ Kc5
66. Nxe4+ dxe4 67. Kxe4 Kd6 68. Kf4 Ke6 69. Ke4 Nc8 70. Kf4 Nd6 71. Kg4 Ke5 72.
Kh4 Kf4 73. Kh3 Kxg5 74. Kg3 Kf5 75. Kf3 Ne4 76. Kg2 Kg4 77. Kg1 Kg3 78. Kh1 g5
79. Kg1 Nf2 80. Kf1 Nh3 0-1

[Event "13. Torneo San Viator"]
[Site "Madrid ESP"]
[Date "2009.11.01"]
[Round "6.15"]
[White "Castro Uceda, Jose Antonio"]
[Black "Aburto Renovales, Rafael"]
[Result "1-0"]
[WhiteElo "1715"]
[BlackElo "1541"]
[PlyCount "65"]
[EventDate "2009.09.27"]
[EventType "swiss"]
[EventRounds "9"]
[EventCountry "ESP"]
[Source "lmi"]
[SourceDate "2009.09.27"]

1. d4 d5 2. c4 c6 3. e3 Nf6 4. Nc3 g6 5. Nf3 Bg7 6. Bd3 e6 7. O-O Nbd7 8. Re1
O-O 9. e4 dxe4 10. Nxe4 b6 11. Bg5 Re8 12. Qd2 Bb7 13. Bh6 Bh8 14. Nd6 Re7 15.
Nxb7 Qc7 16. Nc5 bxc5 17. dxc5 Nxc5 18. Qc2 Nxd3 19. Qxd3 Rd8 20. Qc2 Red7 21.
Ne5 Rd2 22. Bxd2 Nh5 23. Nf3 Nf4 24. Bxf4 Qxf4 25. Rad1 Rb8 26. b3 Bf6 27. Rd7
a6 28. Red1 Kg7 29. Ra7 Rb6 30. Rdd7 Rxb3 31. axb3 Bd4 32. Rxf7+ Kg8 33. Rxf4
1-0

[Event "13. Torneo San Viator"]
[Site "Madrid ESP"]
[Date "2009.11.08"]
[Round "7.1"]
[White "Salcedo Tornero, Pablo"]
[Black "Martin Mazuelo, Miguel Angel"]
[Result "1-0"]
[WhiteElo "2181"]
[BlackElo "1955"]
[PlyCount "77"]
[EventDate "2009.09.27"]
[EventType "swiss"]
[EventRounds "9"]
[EventCountry "ESP"]
[Source "lmi"]
[SourceDate "2009.09.27"]

1. e4 c5 2. Nc3 Nc6 3. g3 g6 4. Bg2 Bg7 5. d3 d6 6. Be3 e5 7. Qd2 Nge7 8. h4 h5
9. Nh3 f6 10. O-O Be6 11. f4 Qd7 12. Kh2 O-O-O 13. a3 exf4 14. Nxf4 Ne5 15. Kh1
Ng4 16. Nxe6 Qxe6 17. Rae1 Nxe3 18. Qxe3 g5 19. Kh2 Qe5 20. Bh3+ Kb8 21. Kh1
Rdg8 22. Qf2 gxh4 23. gxh4 Bh6 24. Rg1 Ng6 25. Ref1 Nf4 26. Bf5 Qe8 27. a4 Qd8
28. Nb5 a6 29. Na3 Rxg1+ 30. Rxg1 Rg8 31. Rxg8 Qxg8 32. Nc4 d5 33. Nb6 dxe4 34.
Nd7+ Ka8 35. dxe4 Qa2 36. Qxc5 Qb1+ 37. Kh2 Qe1 38. Qc8+ Ka7 39. Qb8# 1-0

[Event "13. Torneo San Viator"]
[Site "Madrid ESP"]
[Date "2009.11.08"]
[Round "7.2"]
[White "Madurga Lopez, Ignacio"]
[Black "Noval Toldos, Francisco Javier"]
[Result "1/2-1/2"]
[WhiteElo "1821"]
[BlackElo "1923"]
[PlyCount "145"]
[EventDate "2009.09.27"]
[EventType "swiss"]
[EventRounds "9"]
[EventCountry "ESP"]
[Source "lmi"]
[SourceDate "2009.09.27"]

1. e4 c5 2. Nf3 d6 3. d4 cxd4 4. Qxd4 Nc6 5. Bb5 Bd7 6. Bxc6 Bxc6 7. Nc3 Nf6 8.
Bg5 e6 9. O-O-O Be7 10. Kb1 O-O 11. Qd3 h6 12. Bh4 Nxe4 13. Nxe4 Bxh4 14. Nxd6
Bf6 15. Ne4 Bxe4 16. Qxe4 Qb6 17. Ne5 Bxe5 18. Qxe5 Rac8 19. Qd4 Qc7 20. c3 b5
21. Qd6 Qb7 22. f3 a5 23. a3 Rc6 24. Qd7 Rc7 25. Qd6 Rc4 26. Rd4 Rxd4 27. Qxd4
Qc7 28. g3 Rd8 29. Qe3 Rd5 30. Re1 Qd8 31. Kc2 Qf6 32. f4 Qf5+ 33. Qe4 Qh3 34.
Re2 Qf1 35. Rd2 Rxd2+ 36. Kxd2 Qf2+ 37. Qe2 Qc5 38. Qe4 a4 39. Kd3 Qh5 40. Qa8+
Kh7 41. Qg2 Qd1+ 42. Qd2 Qb1+ 43. Qc2 Qf1+ 44. Qe2 Qg1 45. Qe4+ g6 46. Qe2 Qc5
47. Qe4 Qh5 48. Qg2 Kg7 49. h3 Qd1+ 50. Ke3 Kf6 51. Qd2 Qxd2+ 52. Kxd2 e5 53.
Kd3 Ke6 54. c4 bxc4+ 55. Kxc4 e4 56. g4 f5 57. g5 h5 58. h4 Kd6 59. Kd4 Kc6 60.
Kc4 Kb6 61. Kb4 Ka6 62. Kc4 Ka5 63. Kc3 Kb6 64. b4 axb3 65. Kxb3 Ka5 66. a4 Ka6
67. Kc4 Kb6 68. Kb4 Kb7 69. Kb3 Kc7 70. Kc3 Kb6 71. Kb4 Ka6 72. Kc4 Ka5 73. Kb3
1/2-1/2

[Event "13. Torneo San Viator"]
[Site "Madrid ESP"]
[Date "2009.11.08"]
[Round "7.3"]
[White "Rosa Ramirez, Victor Diego"]
[Black "Takvor Mena, Samuel"]
[Result "1/2-1/2"]
[WhiteElo "1909"]
[BlackElo "1604"]
[PlyCount "81"]
[EventDate "2009.09.27"]
[EventType "swiss"]
[EventRounds "9"]
[EventCountry "ESP"]
[Source "lmi"]
[SourceDate "2009.09.27"]

1. e4 e5 2. Nf3 Nc6 3. Bc4 Be7 4. c3 d6 5. d4 Nf6 6. d5 Nb8 7. Bd3 Nbd7 8. h3
O-O 9. Be3 b6 10. Nbd2 a5 11. Rc1 Nc5 12. Bb1 Ne8 13. Nh2 f5 14. O-O f4 15.
Bxc5 dxc5 16. c4 Bd6 17. a4 Qg5 18. Rc3 Rf6 19. Ng4 Rg6 20. Nf3 Bxg4 21. hxg4
Qxg4 22. g3 fxg3 23. Nd2 gxf2+ 24. Kxf2 Qh4+ 25. Ke2 Rg2+ 26. Kd3 Rg3+ 27. Kc2
Rxc3+ 28. bxc3 Nf6 29. Kb3 Rf8 30. Nf3 Qg4 31. Rg1 Qf4 32. Ng5 Qe3 33. Rg2 h6
34. Ne6 Rf7 35. Qh1 Kh8 36. Qh4 Be7 37. Qh2 Bd6 38. Rg3 Qe1 39. Rg1 Qe3 40. Rg3
Qc1 41. Rg1 1/2-1/2

[Event "13. Torneo San Viator"]
[Site "Madrid ESP"]
[Date "2009.11.08"]
[Round "7.4"]
[White "Tolosana Esteban, Enrique"]
[Black "Cabañas Bravo, Juan Andres"]
[Result "0-1"]
[WhiteElo "1825"]
[BlackElo "2099"]
[PlyCount "144"]
[EventDate "2009.09.27"]
[EventType "swiss"]
[EventRounds "9"]
[EventCountry "ESP"]
[Source "lmi"]
[SourceDate "2009.09.27"]

1. e4 e5 2. Nf3 Nc6 3. Bb5 Qf6 4. Bxc6 bxc6 5. O-O Bc5 6. Nc3 d6 7. Na4 Bb6 8.
c4 Bg4 9. c5 dxc5 10. h3 Bxf3 11. Qxf3 Qxf3 12. gxf3 c4 13. Nxb6 cxb6 14. b3
cxb3 15. axb3 c5 16. Ra6 Ne7 17. Bb2 Nc6 18. Rfa1 Kd7 19. Kf1 Kc7 20. f4 f6 21.
f5 Kb7 22. h4 Nb4 23. R6a4 a5 24. Ke2 Rad8 25. Rg1 Rhg8 26. Rg3 Ka6 27. Ra1 Kb5
28. Rag1 Rd7 29. h5 h6 30. Bc3 Nc6 31. Rg6 Nd4+ 32. Bxd4 Rxd4 33. d3 Rgd8 34.
R1g3 Kb4 35. Rxg7 Kxb3 36. R3g6 c4 37. dxc4 Rxe4+ 38. Kf1 Rd6 39. Rxh6 Rxc4 40.
Rg3+ Kb2 41. Rh3 a4 42. Rh7 a3 43. Ra7 a2 44. h6 Rc8 45. h7 Rh8 46. Rha3 Rd1+
47. Ke2 a1=Q 48. Rxa1 Rxa1 49. Rb7 Ra6 50. Kf3 Kc3 51. Rc7+ Kd4 52. Rd7+ Kc5
53. Rc7+ Kd6 54. Rf7 Ra4 55. Rxf6+ Kc5 56. Rf7 Rh4 57. Rc7+ Kd6 58. Rb7 Kc6 59.
Re7 Rf4+ 60. Ke3 Rxf5 61. Ke4 Rh5 62. f4 exf4 63. Kxf4 R8xh7 64. Re1 Rd7 65.
Re6+ Kc5 66. Ke3 b5 67. Re8 b4 68. Rc8+ Kb5 69. Rb8+ Kc4 70. Rc8+ Rc5 71. Rg8
b3 72. Rg1 b2 0-1

[Event "13. Torneo San Viator"]
[Site "Madrid ESP"]
[Date "2009.11.08"]
[Round "7.5"]
[White "Maseda Iglesias, Luis"]
[Black "Casado Perez, Miguel"]
[Result "0-1"]
[WhiteElo "1845"]
[BlackElo "1892"]
[PlyCount "108"]
[EventDate "2009.09.27"]
[EventType "swiss"]
[EventRounds "9"]
[EventCountry "ESP"]
[Source "lmi"]
[SourceDate "2009.09.27"]

1. d4 e6 2. c4 Nf6 3. Nc3 Bb4 4. Qc2 c5 5. e3 b6 6. Nf3 Bb7 7. Be2 Ne4 8. O-O
Bxc3 9. bxc3 O-O 10. a4 d6 11. Rd1 Nd7 12. Bd3 f5 13. d5 exd5 14. cxd5 Bxd5 15.
c4 Bc6 16. Bb2 Ndf6 17. Ne1 Ng4 18. Bxe4 fxe4 19. Qc3 Ne5 20. a5 Qf6 21. Rd2 b5
22. cxb5 Bxb5 23. Qb3+ Bc4 24. Bxe5 Bxb3 25. Bxf6 Rxf6 26. Rb1 c4 27. Nc2 c3
28. Re2 Bc4 29. Ree1 Raf8 30. Nd4 Rxf2 31. Rbc1 Bd3 32. Ne6 Rf1+ 33. Rxf1 Rxf1+
34. Rxf1 Bxf1 35. Nd4 Bd3 36. Nb3 Kf7 37. Kf2 Ke6 38. Ke1 Kd5 39. Kd1 Kc4 40.
Nd4 Kb4 41. Nc6+ Kb3 42. Kc1 a6 43. Nd4+ Kb4 44. Ne6 d5 45. Nxg7 d4 46. Nf5
dxe3 47. Nxe3 Kxa5 48. g4 Ka4 49. h4 Kb3 50. g5 Be2 51. Nc2 Bf3 52. Na1+ Kc4
53. Nc2 a5 54. Ne3+ Kd3 0-1

[Event "13. Torneo San Viator"]
[Site "Madrid ESP"]
[Date "2009.11.08"]
[Round "7.6"]
[White "Barahona Torrijos, Angel"]
[Black "Cano Cabanillas, Javier"]
[Result "1-0"]
[WhiteElo "1944"]
[BlackElo "1968"]
[PlyCount "45"]
[EventDate "2009.09.27"]
[EventType "swiss"]
[EventRounds "9"]
[EventCountry "ESP"]
[Source "lmi"]
[SourceDate "2009.09.27"]

1. e4 e6 2. f4 d5 3. e5 c5 4. Nf3 Nc6 5. Bb5 Qb6 6. a4 Nge7 7. Nc3 Bd7 8. a5
Nxa5 9. Bxd7+ Kxd7 10. Na4 Qc7 11. d4 cxd4 12. Nxd4 Nac6 13. Nc5+ Kd8 14. Nb5
Qb6 15. Nd6 Ng6 16. Ndxb7+ Kc7 17. Ra6 Qb5 18. c4 Qb4+ 19. Bd2 Qxb2 20. Qa4
Ngxe5 21. Ba5+ Kb8 22. Rxc6 Bxc5 23. Bc7+ 1-0

[Event "13. Torneo San Viator"]
[Site "Madrid ESP"]
[Date "2009.11.08"]
[Round "7.7"]
[White "Fernandez del Rio, Sergio"]
[Black "Cuadros Fernandez, Jose Luis"]
[Result "1-0"]
[WhiteElo "1954"]
[BlackElo "1668"]
[PlyCount "69"]
[EventDate "2009.09.27"]
[EventType "swiss"]
[EventRounds "9"]
[EventCountry "ESP"]
[Source "lmi"]
[SourceDate "2009.09.27"]

1. d4 Nf6 2. Bg5 Ne4 3. Bf4 c5 4. f3 Qa5+ 5. c3 Nf6 6. Nd2 cxd4 7. Nb3 Qf5 8.
Bxb8 Rxb8 9. Qxd4 b6 10. e4 Qe6 11. Bc4 Qd6 12. Qxd6 exd6 13. Rd1 Bb7 14. Nd4
Rc8 15. Bb3 g6 16. Nh3 Be7 17. Nf4 O-O 18. g4 Nxg4 19. fxg4 Bxe4 20. O-O Rfe8
21. Rde1 Bh4 22. Rd1 Be7 23. Nb5 d5 24. Nxd5 Bc5+ 25. Nd4 Re5 26. Nf6+ Kg7 27.
Nxe4 Rxe4 28. Rxf7+ Kh6 29. h3 Rce8 30. Kg2 Bxd4 31. Rxd4 Rxd4 32. cxd4 Re2+
33. Kf3 Re1 34. Rxd7 a5 35. h4 1-0

[Event "13. Torneo San Viator"]
[Site "Madrid ESP"]
[Date "2009.11.08"]
[Round "7.8"]
[White "Alonso Herrero, Ignacio"]
[Black "Sanz Morinigo, Francisco Javier"]
[Result "0-1"]
[WhiteElo "1841"]
[BlackElo "1736"]
[PlyCount "58"]
[EventDate "2009.09.27"]
[EventType "swiss"]
[EventRounds "9"]
[EventCountry "ESP"]
[Source "lmi"]
[SourceDate "2009.09.27"]

1. e4 c5 2. Nf3 Nc6 3. Nc3 d6 4. d4 cxd4 5. Nxd4 e5 6. Nb3 Be6 7. Be3 Nf6 8.
Bb5 Be7 9. f3 a6 10. Be2 O-O 11. Nd5 Bxd5 12. exd5 Nb4 13. c4 Rc8 14. a3 Nfxd5
15. cxd5 Nc2+ 16. Kf2 Nxa1 17. Qxa1 Bg5 18. Bxg5 Qxg5 19. Qd1 f5 20. Rf1 e4 21.
Kg1 e3 22. Nd4 Qf6 23. Ne6 Rf7 24. Qb3 f4 25. Qb6 Rc2 26. Qxd6 Rxe2 27. Rc1 h6
28. Kf1 Qxb2 29. Rc8+ Kh7 0-1

[Event "13. Torneo San Viator"]
[Site "Madrid ESP"]
[Date "2009.11.08"]
[Round "7.10"]
[White "Garcia-Ines Sanchez, Gustavo"]
[Black "Rubio Campos, Juan"]
[Result "0-1"]
[WhiteElo "1746"]
[BlackElo "1690"]
[PlyCount "102"]
[EventDate "2009.09.27"]
[EventType "swiss"]
[EventRounds "9"]
[EventCountry "ESP"]
[Source "lmi"]
[SourceDate "2009.09.27"]

1. e4 e5 2. Nf3 Nf6 3. Nc3 Nc6 4. b3 Bc5 5. Bb2 Ng4 6. d4 exd4 7. Na4 Bb4+ 8.
Nd2 d5 9. a3 Bxd2+ 10. Qxd2 dxe4 11. O-O-O O-O 12. h3 Nge5 13. Nc5 f5 14. g4 b6
15. Na4 Nf3 16. Qe2 Nce5 17. Bg2 c5 18. Kb1 Qe8 19. Bc1 Bd7 20. Bxf3 Nxf3 21.
gxf5 Rxf5 22. h4 Bb5 23. c4 Bc6 24. Nb2 Qf7 25. Rdf1 Rf8 26. Rh3 d3 27. Qe3 d2
28. Bxd2 Nxd2+ 29. Qxd2 Rxf2 30. Qxf2 Qxf2 31. Rxf2 Rxf2 32. Nd1 Rf3 33. Rxf3
exf3 34. Nf2 Kf7 35. Kc2 Ke6 36. Kd3 Kf5 37. Ke3 h6 38. b4 g5 39. hxg5 hxg5 40.
bxc5 bxc5 41. Nd3 g4 42. Nxc5 g3 43. Nb3 Kg4 44. Nd2 f2 45. Ke2 Bg2 46. c5 Bc6
47. Nf1 Bb5+ 48. Ke3 Bxf1 49. c6 Ba6 50. c7 f1=Q 51. c8=Q+ Bxc8 0-1

[Event "13. Torneo San Viator"]
[Site "Madrid ESP"]
[Date "2009.11.08"]
[Round "7.11"]
[White "Cepas Castillo, Juan Carlos"]
[Black "Franco Rincon, David"]
[Result "0-1"]
[WhiteElo "1602"]
[BlackElo "1804"]
[PlyCount "102"]
[EventDate "2009.09.27"]
[EventType "swiss"]
[EventRounds "9"]
[EventCountry "ESP"]
[Source "lmi"]
[SourceDate "2009.09.27"]

1. e4 e5 2. Nf3 Nc6 3. Bc4 Bc5 4. c3 Nf6 5. d3 h6 6. O-O d6 7. a4 a6 8. Be3 Ba7
9. Nbd2 O-O 10. Ba2 Be6 11. Bxa7 Rxa7 12. Nc4 b5 13. Ne3 b4 14. Bxe6 fxe6 15.
cxb4 Nxb4 16. Qb3 a5 17. Qxe6+ Kh8 18. Qc4 Qd7 19. Nc2 Rb8 20. Rfb1 Rab7 21. h3
Rb6 22. Nxb4 Rxb4 23. Qc2 c5 24. b3 Qe6 25. Nd2 Nh5 26. Nc4 Ra8 27. Qe2 Nf4 28.
Qd2 Qg6 29. f3 Nxh3+ 30. Kf1 Nf4 31. Ra2 Qf6 32. Qe3 Qd8 33. Rab2 Ne6 34. Qd2
Rab8 35. Qd1 Nd4 36. Ne3 Nc6 37. Nd5 Rd4 38. Qc2 Rc8 39. Qd2 Rb8 40. Rc1 Qd7
41. Rc4 Qa7 42. Rxd4 Nxd4 43. Qc3 Rb7 44. Kf2 c4 45. dxc4 Nxb3+ 46. Kg3 Nd4 47.
Rxb7 Ne2+ 48. Kh3 Qg1 49. Qxa5 Qh1+ 50. Kg4 Qxg2+ 51. Kf5 Nd4# 0-1